000 00635nam a22002177a 4500
003 OSt
005 20171020184111.0
008 130301t xxu||||| |||| 00| 0 eng d
020 _a9-7818-4946-0477
040 _aLDCLIB
_cLDCLIB
082 _222
_a343.240721
_bEZR
100 _aEzrachi, Ariel.
_96956
245 _aEU Competition Law :
_ban analytical guide to the leading cases /
_cAriel Ezrachi.
250 _a2nd ed.
260 _aUSA :
_bHart publishing,
_c 2010.
300 _axli, 500 p. ;
_c24 cm.
500 _aIncludes Index
650 _aCompetition law
_96957
650 _aEU Competition law
_96958
942 _2ddc
_cBK
999 _c5285
_d5285